[Event "POL-chT 55th"]
[Site "Suwalki"]
[Date "1999.09.27"]
[Round "10"]
[White "Popek, Tomasz"]
[Black "Dubiel, Jacek"]
[Result "0-1"]
[WhiteElo "2193"]
[BlackElo "2364"]
[PlyCount "56"]
[EventDate "1999.09.18"]
[EventType "team-tourn"]
[EventRounds "11"]
[EventCountry "POL"]
[SourceTitle "EXT 2019"]
[Source "ChessBase"]
[SourceDate "2018.10.10"]
[SourceVersion "1"]
[SourceVersionDate "2018.10.10"]
[SourceQuality "1"]
[WhiteTeam "Glogow MOK Chrobry"]
[BlackTeam "Zabrze Budosak"]
[WhiteTeamCountry "POL"]
[BlackTeamCountry "POL"]

1. e4 e5 2. Bc4 Nc6 3. d3 Nf6 4. Nf3 Bc5 5. c3 a6 6. 0-0 Ba7 7. Nbd2 0-0 8. Bb3 d6 9. Re1 Ng4 10. Re2 Kh8 11. h3 Nh6 12. g4 Nxg4 13. hxg4 Bxg4 14. Qf1 f5 15. Qg2 Qd7 16. Bd1 Rf6 17. exf5 Qxf5 18. Re4 Bh3 19. Qh2 Rg6+ 20. Kh1 Bg2+ 21. Qxg2 Rxg2 22. Kxg2 d5 23. Re1 Qg6+ 24. Kf1 Qxd3+ 25. Be2 Qf5 26. Bd1 Qh3+ 27. Kg1 Qg3+ 28. Kh1 Bxf2 0-1

[Event "POL-chT 55th"]
[Site "Suwalki"]
[Date "1999.09.25"]
[Round "8"]
[White "Wieczorek, Zbigniew"]
[Black "Popek, Tomasz"]
[Result "1-0"]
[WhiteElo "2308"]
[BlackElo "2193"]
[PlyCount "91"]
[EventDate "1999.09.18"]
[EventType "team-tourn"]
[EventRounds "11"]
[EventCountry "POL"]
[SourceTitle "EXT 2019"]
[Source "ChessBase"]
[SourceDate "2018.10.10"]
[SourceVersion "1"]
[SourceVersionDate "2018.10.10"]
[SourceQuality "1"]
[WhiteTeam "Raciborz Rzemioslo"]
[BlackTeam "Glogow MOK Chrobry"]
[WhiteTeamCountry "POL"]
[BlackTeamCountry "POL"]

1. c4 Nf6 2. Nc3 g6 3. e4 d6 4. d4 Bg7 5. Bg5 0-0 6. h3 c5 7. d5 e6 8. Nf3 h6 9. Be3 exd5 10. exd5 Bf5 11. g4 Be4 12. Nxe4 Nxe4 13. Bd3 Re8 14. Qc2 Qa5+ 15. Kd1 Nf6 16. Qd2 Qxd2+ 17. Nxd2 Nbd7 18. a4 Ne5 19. Bc2 h5 20. g5 Nfd7 21. Ra3 Nb6 22. b3 Rad8 23. a5 Nc8 24. Ke2 Ne7 25. f4 Nd7 26. Kf3 Kh7 27. b4 cxb4 28. Rb3 Nc5 29. Rxb4 Bc3 30. Rbb1 Bxa5 31. Bxc5 dxc5 32. Ne4 Kg7 33. Nf6 Rh8 34. Rxb7 Nc8 35. Nd7 Bb6 36. Nxb6 axb6 37. Bd3 Rhe8 38. Ra1 Kf8 39. Rb8 Rd7 40. Raa8 Nd6 41. Rxe8+ Nxe8 42. Rb8 Rd6 43. Ke4 Ke7 44. Rb7+ Kf8 45. Ke5 h4 46. Bc2 1-0

[Event "Krakow op-A"]
[Site "Krakow"]
[Date "1999.??.??"]
[Round "?"]
[White "Popek, Tomasz"]
[Black "Borovikov, Vladislav"]
[Result "0-1"]
[WhiteElo "2167"]
[BlackElo "2470"]
[PlyCount "54"]
[EventDate "1999.??.??"]
[EventType "swiss"]
[EventRounds "11"]
[EventCountry "POL"]
[SourceTitle "EXT 2002"]
[Source "ChessBase"]
[SourceDate "2001.11.25"]
[SourceVersion "1"]
[SourceVersionDate "2001.11.25"]
[SourceQuality "1"]

1. e4 e6 2. d4 d5 3. Nd2 Nf6 4. e5 Nfd7 5. c3 c5 6. f4 Nc6 7. Ndf3 Qb6 8. g3 cxd4 9. cxd4 Bb4+ 10. Kf2 g5 11. fxg5 Ndxe5 12. Nxe5 Nxe5 13. Kg2 Nc6 14. Nf3 Bf8 15. b3 Bg7 16. Bb2 Bd7 17. Be2 h6 18. g6 fxg6 19. Qd3 0-0 20. Qxg6 e5 21. Nxe5 Bf5 22. Qd6 Rad8 23. Qa3 Nxe5 24. dxe5 Be4+ 25. Kh3 Rf2 26. Bg4 Bf8 27. b4 Bg2+ 0-1

[Event "Krakow op-A"]
[Site "Krakow"]
[Date "1999.??.??"]
[Round "?"]
[White "Popek, Tomasz"]
[Black "Miton, Kamil"]
[Result "0-1"]
[WhiteElo "2167"]
[BlackElo "2383"]
[PlyCount "40"]
[EventDate "1999.??.??"]
[EventType "swiss"]
[EventRounds "11"]
[EventCountry "POL"]
[SourceTitle "EXT 2002"]
[Source "ChessBase"]
[SourceDate "2001.11.25"]
[SourceVersion "1"]
[SourceVersionDate "2001.11.25"]
[SourceQuality "1"]

1. e4 c5 2. Nc3 Nc6 3. g3 g6 4. Bg2 Bg7 5. d3 d6 6. Be3 e5 7. Qd2 Nge7 8. Bh6 0-0 9. h4 f6 10. Bxg7 Kxg7 11. Bh3 d5 12. h5 g5 13. Bxc8 Rxc8 14. g4 Qd7 15. f3 Nd4 16. Nce2 Rcd8 17. c3 Ne6 18. Qc2 c4 19. dxc4 dxe4 20. fxe4 Nc5 0-1

[Event "Krakow op-A"]
[Site "Krakow"]
[Date "1999.??.??"]
[Round "?"]
[White "Popek, Tomasz"]
[Black "Szczechowicz, Bartosz"]
[Result "1/2-1/2"]
[WhiteElo "2167"]
[BlackElo "2211"]
[PlyCount "39"]
[EventDate "1999.??.??"]
[EventType "swiss"]
[EventRounds "11"]
[EventCountry "POL"]
[SourceTitle "EXT 2002"]
[Source "ChessBase"]
[SourceDate "2001.11.25"]
[SourceVersion "1"]
[SourceVersionDate "2001.11.25"]
[SourceQuality "1"]

1. g3 g6 2. Bg2 Bg7 3. e4 c6 4. Nc3 d6 5. Nge2 Nf6 6. 0-0 0-0 7. h3 d5 8. d3 dxe4 9. Nxe4 Nbd7 10. N2c3 Qc7 11. Nxf6+ Nxf6 12. Re1 e5 13. Kh2 Bf5 14. Be3 Rfe8 15. Ne4 Nd5 16. Qe2 Nf4 17. Qf3 Ne6 18. c3 Rad8 19. Red1 a5 20. Bf1 1/2-1/2

[Event "POL-chT 54th"]
[Site "Lubniewice"]
[Date "1998.11.01"]
[Round "1"]
[White "Luksik, Mateusz"]
[Black "Popek, Tomasz"]
[Result "1-0"]
[WhiteElo "2165"]
[BlackElo "2090"]
[PlyCount "81"]
[EventDate "1998.11.01"]
[EventType "team-tourn"]
[EventRounds "9"]
[EventCountry "POL"]
[SourceTitle "EXT 2019"]
[Source "ChessBase"]
[SourceDate "2018.10.10"]
[SourceVersion "1"]
[SourceVersionDate "2018.10.10"]
[SourceQuality "1"]
[WhiteTeam "Rzeszow Zelmer"]
[BlackTeam "Glogow MOK Chrobry"]
[WhiteTeamCountry "POL"]
[BlackTeamCountry "POL"]

1. e4 e5 2. Nf3 Nc6 3. Bb5 a6 4. Ba4 Nf6 5. Qe2 b5 6. Bb3 Bc5 7. c3 d6 8. d3 h6 9. 0-0 0-0 10. Nbd2 Re8 11. a4 Rb8 12. axb5 axb5 13. Nh4 Bg4 14. Ndf3 g5 15. h3 Be6 16. Bxe6 fxe6 17. Nxg5 hxg5 18. Bxg5 Rf8 19. Ra6 Bb6 20. Kh1 Qe8 21. f4 exf4 22. Bxf6 Rxf6 23. Qg4+ Kf7 24. Rxf4 Rxf4 25. Qxf4+ Ke7 26. Qg5+ Kd7 27. Qxb5 Ra8 28. Nf3 Rxa6 29. Qxa6 Qb8 30. d4 Qa7 31. Qe2 Qa1+ 32. Kh2 e5 33. d5 Nb8 34. h4 Qc1 35. h5 Ke7 36. Nh4 Qf4+ 37. Kh3 Kf6 38. g3 Qf2 39. Qb5 Kg5 40. Qd3 c5 41. c4 1-0

[Event "MK Cafe Cup-B"]
[Site "Koszalin"]
[Date "1997.??.??"]
[Round "4"]
[White "Popek, Tomasz"]
[Black "Krysztofiak, Marcin"]
[Result "1/2-1/2"]
[WhiteElo "2115"]
[BlackElo "2140"]
[PlyCount "40"]
[EventDate "1997.??.??"]
[EventType "swiss"]
[EventRounds "10"]
[EventCountry "POL"]
[SourceTitle "EXT 2000"]
[Source "ChessBase"]
[SourceDate "1999.11.16"]
[SourceVersion "1"]
[SourceVersionDate "1999.11.16"]
[SourceQuality "1"]

1. e4 e5 2. Nf3 d6 3. Bc4 Be7 4. d4 exd4 5. Nxd4 Nf6 6. Nc3 0-0 7. 0-0 c6 8. a4 Nbd7 9. Re1 Re8 10. f3 d5 11. exd5 Nb6 12. Bb3 Nbxd5 13. Nxd5 Nxd5 14. c3 Bf6 15. Bxd5 Bxd4+ 16. cxd4 cxd5 17. Bf4 Rxe1+ 18. Qxe1 Be6 19. Qb4 Qd7 20. Rc1 Rc8 1/2-1/2

[Event "POL-ch U18"]
[Site "Sopot"]
[Date "1997.??.??"]
[Round "?"]
[White "Popek, Tomasz"]
[Black "Zakonnik, Andrzej"]
[Result "1/2-1/2"]
[WhiteElo "2115"]
[BlackElo "2085"]
[PlyCount "108"]
[EventDate "1997.??.??"]
[EventType "swiss"]
[EventRounds "10"]
[EventCountry "POL"]
[SourceTitle "EXT 2003"]
[Source "ChessBase"]
[SourceDate "2002.11.25"]
[SourceVersion "1"]
[SourceVersionDate "2002.11.25"]
[SourceQuality "1"]

1. e4 c5 2. Nc3 Nc6 3. g3 g6 4. Bg2 Bg7 5. d3 d6 6. f4 e6 7. Nf3 Nge7 8. 0-0 0-0 9. Ne2 Rb8 10. c3 f5 11. Qc2 Kh8 12. Be3 b6 13. Rad1 Qc7 14. Rfe1 Ng8 15. exf5 exf5 16. d4 Nf6 17. Kh1 Na5 18. Nc1 h6 19. Nh4 Kh7 20. h3 Qf7 21. dxc5 dxc5 22. Nd3 Ne4 23. Kh2 Bb7 24. g4 Rbd8 25. gxf5 gxf5 26. Ne5 Bxe5 27. fxe5 Qe7 28. Nf3 Rxd1 29. Rxd1 Ng5 30. Bxg5 hxg5 31. e6 Bc6 32. Qc1 Kh6 33. b4 Bxf3 34. Bxf3 cxb4 35. h4 f4 36. cxb4 Qxb4 37. hxg5+ Kxg5 38. Rd5+ Rf5 39. Qd1 Kf6 40. Qa1+ Kxe6 41. Rd7 Qf8 42. Be4 Qh6+ 43. Kg1 Nc4 44. Bxf5+ Kxf5 45. Qg7 Qxg7+ 46. Rxg7 Ke6 47. Rxa7 Ke5 48. Kf2 Ke4 49. Rd7 Ne5 50. Rb7 Nd3+ 51. Kf1 Nb4 52. a3 Nc2 53. a4 Ne3+ 54. Kf2 Nd5 1/2-1/2

[Event "POL-chT2 U18"]
[Site "Augustow"]
[Date "1996.??.??"]
[Round "?"]
[White "Drzazga, Sebastian"]
[Black "Popek, Tomasz"]
[Result "1-0"]
[WhiteElo "1800"]
[BlackElo "2000"]
[PlyCount "83"]
[EventDate "1996.??.??"]
[EventType "team-tourn"]
[EventRounds "10"]
[EventCountry "POL"]
[SourceTitle "EXT 2003"]
[Source "ChessBase"]
[SourceDate "2002.11.25"]
[SourceVersion "1"]
[SourceVersionDate "2002.11.25"]
[SourceQuality "1"]

1. e4 e5 2. Nc3 Nf6 3. Bc4 c6 4. d4 d5 5. dxe5 dxc4 6. Qxd8+ Kxd8 7. exf6 gxf6 8. Be3 Bb4 9. Nge2 Rg8 10. 0-0-0+ Ke7 11. Rhg1 Be6 12. h3 Nd7 13. f4 Nb6 14. a3 Bd6 15. Bd4 Rad8 16. g4 h6 17. Kb1 Nc8 18. e5 fxe5 19. fxe5 Bc7 20. Bc5+ Ke8 21. Bd4 b6 22. Ne4 Ke7 23. Nf4 Rgf8 24. Rgf1 Bd5 25. Ng3 Be6 26. Ne4 a6 27. a4 Rd7 28. Nf6 Rdd8 29. h4 Rh8 30. Nxe6 Kxe6 31. g5 hxg5 32. hxg5 Rh4 33. Bc3 Ne7 34. Rxd8 Bxd8 35. Ne8 Nf5 36. Nf6 Ne7 37. b3 Nd5 38. Bb2 Nxf6 39. exf6 cxb3 40. cxb3 Rh3 41. g6 Rg3 42. Re1+ 1-0

[Event "POL-chT2 U18"]
[Site "Augustow"]
[Date "1996.??.??"]
[Round "?"]
[White "Popek, Tomasz"]
[Black "Cipa, Michal"]
[Result "1-0"]
[WhiteElo "2000"]
[BlackElo "2070"]
[PlyCount "98"]
[EventDate "1996.??.??"]
[EventType "team-tourn"]
[EventRounds "10"]
[EventCountry "POL"]
[SourceTitle "EXT 2003"]
[Source "ChessBase"]
[SourceDate "2002.11.25"]
[SourceVersion "1"]
[SourceVersionDate "2002.11.25"]
[SourceQuality "1"]

1. e4 e5 2. Nf3 Nc6 3. Bc4 d6 4. c3 Be7 5. Qb3 Nh6 6. d4 0-0 7. Bxh6 Na5 8. Bxf7+ Rxf7 9. Qa4 gxh6 10. Qxa5 Bg4 11. Nbd2 Bg5 12. Qb5 Bxd2+ 13. Nxd2 Qh4 14. 0-0 Raf8 15. f3 Bd7 16. Qd3 Rg7 17. Rf2 Kh8 18. dxe5 dxe5 19. Qe3 Rfg8 20. Re1 Rg5 21. f4 exf4 22. Qd4+ R5g7 23. Nf3 Qh5 24. Kf1 Bg4 25. h3 Bxf3 26. Rxf3 Qg5 27. Re2 Rd8 28. Qa4 b5 29. Qc2 Rgd7 30. Kg1 Rd1+ 31. Rf1 Qc5+ 32. Ref2 R1d2 33. Qc1 f3 34. g3 Re2 35. b4 Qb6 36. c4 Qd4 37. cxb5 Rg8 38. Qxc7 Rxe4 39. Kh2 Re2 40. Rxe2 fxe2 41. Rf7 Qg1+ 42. Kxg1 e1Q+ 43. Kg2 Qe4+ 44. Rf3 Rf8 45. Qc3+ Kg8 46. Kf2 Rxf3+ 47. Qxf3 Qd4+ 48. Kg2 Qxb4 49. Qe2 Qa4 1-0